000 00425nam a2200157 4500
001 8945
005 20230410103757.0
008 060907n1998 dr spa
035 _9funglode9019
041 _aES
050 1 4 _a324 DG 576 I88 1998
245 0 _aItalia /
_cMinisterio Affafri Esteri
260 _aMadrid Direzione Generale Cooperaciones allo Sviluppo,
_c1998
300 _axix, 876 p.
942 _2lcc
_cbk
999 _c25605
_d25605